Object-orientation and prototyping in software engineering
Scope; Quality attributes of software products; The phases of a software project; Object - oriented programming; Project management; Software engineering tools.
Αποθηκεύτηκε σε:
| Κύριος συγγραφέας: | |
|---|---|
| Μορφή: | Βιβλίο |
| Γλώσσα: | Undetermined |
| Έκδοση: |
London
Prentice Hall
1996
|
| Θέματα: | |
| Ετικέτες: |
Προσθήκη ετικέτας
Δεν υπάρχουν, Καταχωρήστε ετικέτα πρώτοι!
|
| Thư viện lưu trữ: | Trung tâm Học liệu Trường Đại học Cần Thơ |
|---|
| LEADER | 00754nam a2200193Ia 4500 | ||
|---|---|---|---|
| 001 | CTU_23357 | ||
| 008 | 210402s9999 xx 000 0 und d | ||
| 082 | |a 005.1 | ||
| 082 | |b P788 | ||
| 100 | |a Gustav Pomberger | ||
| 245 | 0 | |a Object-orientation and prototyping in software engineering | |
| 245 | 0 | |c Gustav Pomberger, Gunther Blaschek | |
| 260 | |a London | ||
| 260 | |b Prentice Hall | ||
| 260 | |c 1996 | ||
| 520 | |a Scope; Quality attributes of software products; The phases of a software project; Object - oriented programming; Project management; Software engineering tools. | ||
| 650 | |a Object - oriented programming (computer science),Software engineering | ||
| 904 | |i Quyên,980525 | ||
| 980 | |a Trung tâm Học liệu Trường Đại học Cần Thơ | ||